Cinéma Clic - Qui meurt ou reste en vie dans Deep Impact (1998) ? - Statistiques

Statistiques générales
  • Ce quiz a été pris 23 fois
  • Le résultat moyen est 13 sur 20
Statistiques - réponses
Hint Extra Hint Explanation Réponse % Correct
Gus Partenza Gus Partenza Meurt dans le film
81%
Mark Simon Mark Simon Meurt dans le film
81%
Vicky Hotchner Vicky Hotchner Meurt dans le film
81%
le Mec qui lit son journal tranquille dos au tsunami le Mec qui lit son journal tranquille dos au tsunami Meurt dans le film
76%
Oren Monash Oren Monash Meurt dans le film
71%
Jason Lerner Jason Lerner Meurt dans le film
71%
Dr. Marcus Wolf Dr. Marcus Wolf Meurt dans le film
71%
Robin Lerner Robin Lerner Meurt dans le film
71%
Sarah Hotchner Sarah Hotchner Reste en vie dans le film
71%
Spurgeon "Lou" Tanner Spurgeon "Lou" Tanner Meurt dans le film
67%
Chuck Hotchner Chuck Hotchner Meurt dans le film
67%
Andrea Baker Andrea Baker Meurt dans le film
67%
Leo Biederman Leo Biederman Reste en vie dans le film
67%
Mitch Mitch Reste en vie dans le film
67%
Jenny Lerner Jenny Lerner Meurt dans le film
62%
Beth Stanley Beth Stanley Reste en vie dans le film
62%
Ellen Biederman Ellen Biederman Reste en vie dans le film
62%
Colonel Mikhail Tulchinsky Colonel Mikhail Tulchinsky Meurt dans le film
57%
Beck, le président des États-Unis Beck, le président des États-Unis Reste en vie dans le film
57%
Don Biederman Don Biederman Reste en vie dans le film
38%
Aucun quiz correspondant
Distribution des résultats
% des personnes avec chaque résultat
Percentile par nombre de réponses
Votre historique - résultats
Vous n’avez pas pris ce quiz